000 00413nam a2200157Ia 4500
008 230312s9999||||xx |||||||||||||| ||und||
020 _a1-86189-435-9
082 _a720.9
_bHAR-T
100 _aHarbison;Robert
245 0 _aTravels in History of Architecture
260 _bReation Books
_aUK
_c2009
300 _a287
546 _aEng.
650 _aArchitecture
_vTravels in History of Architecture
942 _cBK
999 _c9632
_d9632